Application of the RICS Valuation - Professional Standards in Sweden (Record no. 121527)
[ view plain ]
| 000 -LEADER | |
|---|---|
| fixed length control field | 01144cad a22002655a 4500 |
| 008 - FIXED-LENGTH DATA ELEMENTS--GENERAL INFORMATION | |
| fixed length control field | 230526s2016 xxk f f 001 0 eng d |
| 020 ## - INTERNATIONAL STANDARD BOOK NUMBER | |
| International Standard Book Number | 9781783211494 |
| 041 0# - LANGUAGE CODE | |
| Language code of text/sound track or separate title | eng |
| 110 2# - MAIN ENTRY--CORPORATE NAME | |
| Corporate name or jurisdiction name as entry element | Royal Institution of Chartered Surveyors |
| 9 (RLIN) | 4900 |
| 240 00 - UNIFORM TITLE | |
| Uniform title | Red Book |
| 245 00 - TITLE STATEMENT | |
| Title | Application of the RICS Valuation - Professional Standards in Sweden |
| Medium | [electronic resource] |
| 250 ## - EDITION STATEMENT | |
| Edition statement | 1st |
| 260 ## - PUBLICATION, DISTRIBUTION, ETC. | |
| Place of publication, distribution, etc. | London |
| Name of publisher, distributor, etc. | RICS |
| Date of publication, distribution, etc. | April 2016 |
| 300 ## - PHYSICAL DESCRIPTION | |
| Extent | 20p. |
| 490 #0 - SERIES STATEMENT | |
| Series statement | RICS Professional Standards |
| 490 #0 - SERIES STATEMENT | |
| Series statement | RICS Guidance Note |
| 490 #0 - SERIES STATEMENT | |
| Series statement | RICS Valuation Standards |
| 490 ## - SERIES STATEMENT | |
| Series statement | RICS Red Book |
| 505 2# - FORMATTED CONTENTS NOTE | |
| Formatted contents note | This guidance note has been prepared primarily for financial reporting purposes, in order to comply with International Financial Reporting Standard 13 (IFRS 13), but also for reporting purposes to the IPD Sweden Annual Property Index. |
| 650 24 - SUBJECT ADDED ENTRY--TOPICAL TERM | |
| Topical term or geographic name entry element | RICS VALUATION STANDARDS |
| 651 #4 - SUBJECT ADDED ENTRY--GEOGRAPHIC NAME | |
| Geographic name | Sweden |
| 690 ## - LOCAL SUBJECT ADDED ENTRY--TOPICAL TERM (OCLC, RLIN) | |
| Topical term or geographic name as entry element | Valuation |
| 9 (RLIN) | 6273 |
| 856 40 - ELECTRONIC LOCATION AND ACCESS | |
| Uniform Resource Identifier | <a href="https://www.rics.org/content/dam/ricsglobal/documents/standards/application_of_the_rics_valuation_professional_standards_in_sweden_1st_edition_rics.pdf">https://www.rics.org/content/dam/ricsglobal/documents/standards/application_of_the_rics_valuation_professional_standards_in_sweden_1st_edition_rics.pdf</a> |
| Public note | View on RICS.org |
| 942 ## - ADDED ENTRY ELEMENTS (KOHA) | |
| Suppress in OPAC | 0 |
| Source of classification or shelving scheme | Dewey Decimal Classification |
| Withdrawn status | Lost status | Source of classification or shelving scheme | Damaged status | Not for loan | Home library | Current library | Shelving location | Date acquired | Total Checkouts | Full call number | Date last seen | Copy number | Price effective from | Koha item type |
|---|---|---|---|---|---|---|---|---|---|---|---|---|---|---|
| Dewey Decimal Classification | Virtual | Virtual | Online | 26/05/2023 | ONLINE PUBLICATION | 26/05/2023 | 1 | 26/05/2023 | Online material |